Search the Library Catalogue
| 000 -LEADER | |
|---|---|
| fixed length control field | 00523nam a2200193Ia 4500 |
| 008 - FIXED-LENGTH DATA ELEMENTS--GENERAL INFORMATION | |
| fixed length control field | 191130s2005##################000#0#eng## |
| 020 ## - INTERNATIONAL STANDARD BOOK NUMBER | |
| ISBN | 9781591023326 |
| 082 ## - DEWEY DECIMAL CLASSIFICATION NUMBER | |
| Classification number | 811.6 FIN |
| 100 ## - MAIN ENTRY--AUTHOR NAME | |
| Personal name | Finlay, Charles Coleman |
| 245 ## - TITLE STATEMENT | |
| Title | The prodigal troll |
| Statement of responsibility, etc | Charles Coleman Finlay |
| 260 ## - PUBLICATION, DISTRIBUTION, ETC. (IMPRINT) | |
| Place of publication | Amherst, NY |
| Name of publisher | Pyr |
| Year of publication | 2005 |
| 300 ## - PHYSICAL DESCRIPTION | |
| Number of Pages | 374 p. ; 24 cm |
| 650 ## - SUBJECT ADDED ENTRY--TOPICAL TERM | |
| Topical Term | Children - Fiction |
| Topical Term | Trolls - Fiction |
| 991 ## - | |
| -- | 184986 |
No items available.